A guarda e a natureza (Registo nº 3829)

Detalhes MARC
000 -Etiqueta do registo
Cabeçalho 00859nam a2200277 i 4500
005 - Identificador da versão
Campo de controlo 20240813122045.0
010 ## - Número internacional normalizado dos livros (ISBN)
Número (ISBN) 9729921903
021 ## - Número do Depósito Legal
Código do país PT
Número 210073/04
100 ## - Dados gerais de processamento
Dados gerais de processamento 20050601d2004 a y0pory5003 ba
102 ## - Pais de publicação ou produção
País de publicação Portugal
101 0# - Língua de publicação
Língua do texto, banda sonora, etc. Português
106 ## - Campo de dados codificados: material textual
Dados codificados do material textual r
105 ## - Campo de dados codificados: livros
Dados codificados dos livros a z 000yy
215 ## - Descrição física 
Indicação específica da natureza do documento e extensão da espécie 50 p.
Outras indicações físicas muito il.
Dimensões 21 cm
200 1# - Titulo e menção de responsabilidade
Título próprio A guarda e a natureza
Primeira menção de responsabilidade Jorge Manuel Henriques Amado
Outras menções de responsabilidade il. João José dos Santos Lemos
-- rev. Carla Marisa de Faria Baldaia
210 ## - Publicação, Distribuição, etc. 
Lugar da edição, distribuição, etc. Lisboa
Nome do editor, distribuidor, etc. GNR
Data da publicação, distribuição, etc. D.L. 2004
675 ## - Classificação Decimal Universal (CDU)
Notação 087.5
Edição BN
Língua da edição por
Notação 502.17(035)
Edição BN
Língua da edição por
Notação 37.03(035)
Edição BN
Língua da edição por
702 #1 - Nome de autor-pessoa física (responsabilidade secundária)
Número de registo de entrada de autoridade 0000271
Palavra de ordem Baldaia
Outra parte do nome não tomada para palavra de ordem Carla Marisa de Faria
Código de função Autor de recensão / Crítico
Número de registo de entrada de autoridade 0000272
Palavra de ordem Lemos
Outra parte do nome não tomada para palavra de ordem João José dos Santos
Código de função Ilustrador / Técnico de desenho computorizado
700 #1 - Nome de autor-pessoa física (responsabilidade principal)
Número de registo de entrada de autoridade 0000270
Palavra de ordem Amado
Outra parte do nome não tomada para palavra de ordem Jorge Manuel Henriques
942 ## - Elementos de entrada adicionados (Koha)
Tipo de item no Koha Livro
Exemplares
Situação do levantamento Origin of item (home branch) (coded) Biblioteca de empréstimo Código de barras Cota Circulation type (not for loan) Tipo de documento Nota do exemplar Damaged status
  Biblioteca Escolar das Vendas Biblioteca Escolar das Vendas BEV2413 087.5AMA   Livro Sem mensagem  
  Biblioteca Escolar das Vendas Biblioteca Escolar das Vendas BEV2414 087.5AMA   Livro Sem mensagem  
  Biblioteca Escolar das Vendas Biblioteca Escolar das Vendas BEV2415 087.5AMA   Livro Sem mensagem